| 000 | 00520nam a2200145 a 4500 | ||
|---|---|---|---|
| 001 | 000047441 | ||
| 005 | 20201002060536.0 | ||
| 008 | 180529s2018 dr 000 spa d | ||
| 020 | _a9789945585391 | ||
| 040 |
_aDO-SdBNP _bspa _cBNPHU |
||
| 245 | 0 |
_aDiscurso : pronunciado por el Dr. Mariano Germán Mejía, presidente del Poder Judicial : _ben ocasión de la conmemoración del día del poder judicial. |
|
| 260 |
_aSanto Domingo : _bPoder Judicial, _c2018. |
||
| 300 |
_a33 p. ; _c23 cm. |
||
| 590 | _aInventariado,2018/DG | ||
| 999 |
_c46929 _d46929 |
||